000
00265nam a22001217a 4500
999
_c
160254
_d
160254
082
_a
_b
100
_a
Mohan Rakesh
245
_a
Lahron Ke Rajhans/
_c
by Mohan Rakes.
260
_a
New Delhi:
_b
Rajkamal,
_c
1994.
300
_a
125p.
650
_a
942
_c
BK